00496nam a22001937a 450000500170000001000130001702000100003003500130004003700160005304000120006908200130008110000220009424500450011626000460016127000440020730000200025165000160027165000150028720170124110048.0 aA-780676 c00.00 aA-780676 bCen Lib/Ret aDPLbEN a881bCHA aChatterjee, C.C.  aGrettings to hurt /cby C.C. Chatterjee  aNew Delhi bHar Anand Publications c1996 bNew Delhi a364A, chirag delhi e110017 a109p.c21cm(Hb) aLiterature  aPoetry v